000 00480nam a22001457a 4500
003 OSt
005 20251125103137.0
008 251125b |||||||| |||| 00| 0 eng d
040 _aDWC-Main lib
_cOC
082 _aCirc. 810.9 V281 1994
245 _aOutline of american literature
260 _aUnited states Department of State,
_cc1994
300 _a 124 p. :
_billustration :
_c21 cm.
942 _2ddc
_cBK-CIRC
_hCirc. 810.9 V281 1994
_kCirc.
_n0
999 _c6210
_d6210